000 01123nmc a2200373 a 4500
003 AR-BaBNM
005 20251128205013.0
008 011101s1988 ||||||||||||||000 | spa||
020 _a950-503-163-7
040 _cAR-BaBNM
100 1 _aCristalli, Marta Graciela
245 1 0 _aMetodología de estudio
_btécnicas para el aprendizaje independiente
250 _a1ª ed.
260 _aBuenos Aires
_bMarymar
_c1988
300 _a108 p.
_btablas, diagr.
490 0 _aEl maestro en su acción cotidiana
500 _aPara docentes de nivel medio y estudiantes de profesorados
504 _aBibliografía: p. 107
650 4 _aMETODOS DE ESTUDIO
650 4 _aFORMACION DE DOCENTES
650 4 _aTECNICAS DE ENSENANZA
650 4 _aTECNICAS DIDACTICAS
650 4 _aBIBLIOTECAS
650 4 _aRESUMENES
650 4 _aCUESTIONARIOS
650 4 _aDINAMICA DE GRUPO
653 _aEDUCACION SECUNDARIA
653 _aPROCESO DE ENSENANZA-APRENDIZAJE
700 1 _aMarinelli, Hilda Ana
700 1 _aMartínez de Pérez, Norma
800 1 _aRatto, Jorge A.
_edirector
942 _cBK
998 _csilvi
999 _c9652
_d9652